00373nam a22001337a 4500008004100000020001800041100002200059245003800081250001500119260004500134650003300179942001200212999001500224200318b ||||| |||| 00| 0 eng d a9789388902717 aJohn, Nitin Ashok aC C Chatterjee's Human Physiology a13ndb2020 aNew DelhibCBS Publishers & Distributors aHuman Anatomy and Physiology 2ddccBK c8577d8577